Faktory rozvoja dopravnej infraštruktúry a jej hodnotenie metódou Benchmarkingu

Miesto a úloha dopravnej infraštruktúry v dopravnom systéme . Nové determinanty rozvoja dopravnej infraštruktúry. Hodnotenie dopravnej infraštruktúry metódou benchmarkingu.

Gespeichert in:
Bibliographische Detailangaben
1. Verfasser: Halán, Tomáš
Weitere Verfasser: Némethyová, Lucia
Format: Buchkapitel
Sprache:Slowakisch
Schlagworte:
Tags: Tag hinzufügen
Keine Tags, Fügen Sie das erste Tag hinzu!

MARC

LEADER 00000naa$a2200000$$$4500
001 0061542
005 20240502071707.0
041 0 |a slo 
044 |a SK 
245 1 0 |a Faktory rozvoja dopravnej infraštruktúry a jej hodnotenie metódou Benchmarkingu  |c Tomáš Halán, Lucia Némethyová 
520 |a Miesto a úloha dopravnej infraštruktúry v dopravnom systéme . Nové determinanty rozvoja dopravnej infraštruktúry. Hodnotenie dopravnej infraštruktúry metódou benchmarkingu. 
610 2 0 |a benchmarking 
610 2 0 |a doprava 
610 2 0 |a infraštruktúra 
610 2 0 |a konkurencieschopnosť 
610 2 0 |a siete dopravné 
100 1 |a Halán, Tomáš 
700 1 |a Némethyová, Lucia